书目信息 |
| 题名: |
设计配色效果图典
|
|
| 作者: | ;明天创意设计工作室 编著 | |
| 分册: | ||
| 出版信息: | 上海 上海科学普及出版社 2002 |
|
| 页数: | 190页 | |
| 开本: | 21cm | |
| 丛书名: | 色彩完全手册 | |
| 单 册: | ||
| 中图分类: | J063 | |
| 科图分类: | ||
| 主题词: | 色彩--图谱 , 色彩 | |
| 电子资源: | ||
| ISBN: | 7-5427-2241-7 | |
| 000 | 00972oam2 2200277 450 | |
| 001 | 0900000025441 | |
| 005 | 20051213103941.25 | |
| 010 | @a7-5427-2241-7@dCNY65.00 | |
| 092 | @aCN | |
| 100 | @a20050316e20032002ekmy0chiy0120 ea | |
| 101 | 0 | @achi |
| 102 | @aCN@b310000 | |
| 105 | @aa z 000yy | |
| 200 | 1 | @a设计配色效果图典@9she ji pei se xiao guo tu dian@f明天创意设计工作室编著@Fming tian chuang yi she ji gong zuo shi bian zhu |
| 210 | @a上海@c上海科学普及出版社@d2002@h2003重印 | |
| 215 | @a190页@d21cm | |
| 225 | 2 | @a色彩完全手册@vC |
| 330 | @a本书分为:原色及补色的配色篇、淡粉色的配色篇、暗浅色的配色篇、明亮色的配色篇、鲜艳色的配色篇、浓烈色的配色篇、深重色的配色篇、黑灰色的配色篇。 | |
| 461 | 0 | @12001 @a色彩完全手册 |
| 606 | 0 | @a色彩@j图谱 |
| 606 | 0 | @a色彩 |
| 690 | @aJ063@v4 | |
| 711 | 02 | @a明天创意设计工作室@9ming tian chuang yi she ji gong zuo shi@4编著 |
| 801 | 0 | @aCN@bCXYBOOK@c20051213 |
| 905 | @a10447@dJ063@e142 | |
| 999 | @aYYW@eJDD | |
| 设计配色效果图典/明天创意设计工作室编著.-上海:上海科学普及出版社,2002(2003重印) |
| 190页;21cm.-(色彩完全手册;C) |
| ISBN 7-5427-2241-7:CNY65.00 |
| 本书分为:原色及补色的配色篇、淡粉色的配色篇、暗浅色的配色篇、明亮色的配色篇、鲜艳色的配色篇、浓烈色的配色篇、深重色的配色篇、黑灰色的配色篇。 |
| ● |
| 相关链接 |
|
|
|
|
正题名:设计配色效果图典
索取号:J063/142
 
预约/预借
| 序号 | 登录号 | 条形码 | 馆藏地/架位号 | 状态 | 备注 |
| 1 | 0371167 | 203711670 | 第一样本阅览室/ [索取号:J063/142] | 在馆 |